International construction intelligence bulletin (Record no. 119153)
[ view plain ]
| 000 -LEADER | |
|---|---|
| fixed length control field | 01139cas a22002535a 4500 |
| 001 - CONTROL NUMBER | |
| control field | L140977 |
| 008 - FIXED-LENGTH DATA ELEMENTS--GENERAL INFORMATION | |
| fixed length control field | 071024c2006 xx br ws ss 000 a0eng d |
| 022 0# - INTERNATIONAL STANDARD SERIAL NUMBER | |
| International Standard Serial Number | 1060-8206 |
| 035 ## - SYSTEM CONTROL NUMBER | |
| System control number | (Sirsi) u140977 |
| 041 0# - LANGUAGE CODE | |
| Language code of text/sound track or separate title | eng |
| 110 2# - MAIN ENTRY--CORPORATE NAME | |
| Corporate name or jurisdiction name as entry element | Faithful and Gould |
| 9 (RLIN) | 5416 |
| 245 00 - TITLE STATEMENT | |
| Title | International construction intelligence bulletin |
| Medium | [electronic publication] |
| 260 3# - PUBLICATION, DISTRIBUTION, ETC. | |
| Place of publication, distribution, etc. | Atlanta |
| Name of publisher, distributor, etc. | Faithful and Gould |
| Place of publication, distribution, etc. | Kingston |
| Name of publisher, distributor, etc. | Reed Construction Data |
| Date of publication, distribution, etc. | 1990- |
| 362 0# - DATES OF PUBLICATION AND/OR SEQUENTIAL DESIGNATION | |
| Dates of publication and/or sequential designation | March/April 2006- |
| 490 #0 - SERIES STATEMENT | |
| Series statement | Faithful and Gould International Construction Intelligence Bulletin |
| Volume/sequential designation | March/April 2006- |
| 520 ## - SUMMARY, ETC. | |
| Summary, etc. | Provides international construction cost information and commentary on aspects of the international construction market. Includes an annual international construction cost index. |
| 554 ## - | |
| -- | Six issues per year. |
| 650 24 - SUBJECT ADDED ENTRY--TOPICAL TERM | |
| Topical term or geographic name entry element | FAITHFUL AND GOULD INTERNATIONAL CONSTRUCTION INTELLIGENCE BULLETIN |
| 650 24 - SUBJECT ADDED ENTRY--TOPICAL TERM | |
| Topical term or geographic name entry element | FAITHFUL AND GOULD INTERNATIONAL CONSTRUCTION COST INDEX |
| 651 #4 - SUBJECT ADDED ENTRY--GEOGRAPHIC NAME | |
| Geographic name | International |
| 690 ## - LOCAL SUBJECT ADDED ENTRY--TOPICAL TERM (OCLC, RLIN) | |
| Topical term or geographic name as entry element | BUILT ENVIRONMENT-BUILDING COSTS |
| 856 40 - ELECTRONIC LOCATION AND ACCESS | |
| Uniform Resource Identifier | <a href="https://www.fgould.com">https://www.fgould.com</a> |
| Public note | View the item free of charge at www.fgould.com... |
| 942 ## - ADDED ENTRY ELEMENTS (KOHA) | |
| Suppress in OPAC | 0 |
| Withdrawn status | Lost status | Source of classification or shelving scheme | Damaged status | Not for loan | Home library | Current library | Shelving location | Date acquired | Total Checkouts | Full call number | Barcode | Date last seen | Copy number | Price effective from | Koha item type |
|---|---|---|---|---|---|---|---|---|---|---|---|---|---|---|---|
| Dewey Decimal Classification | Virtual | Virtual | Online | 24/10/2007 | ONLINE PUBLICATION | 140977-2001 | 06/08/2019 | 1 | 06/08/2019 | Book |